<?xml version="1.0" encoding="UTF-8"?>
<record
    xmlns:xsi="http://www.w3.org/2001/XMLSchema-instance"
    xsi:schemaLocation="http://www.loc.gov/MARC21/slim http://www.loc.gov/standards/marcxml/schema/MARC21slim.xsd"
    xmlns="http://www.loc.gov/MARC21/slim">

  <leader>02577cam a22003015a 4500</leader>
  <controlfield tag="001">17379654</controlfield>
  <controlfield tag="005">20201128024324.0</controlfield>
  <controlfield tag="008">120710t2013    nyua   frb    001 0 eng d</controlfield>
  <datafield tag="020" ind1=" " ind2=" ">
    <subfield code="a">9781461441380</subfield>
  </datafield>
  <datafield tag="040" ind1=" " ind2=" ">
    <subfield code="a">BTCTA</subfield>
    <subfield code="b">eng</subfield>
    <subfield code="c">BTCTA</subfield>
    <subfield code="d">YDXCP</subfield>
    <subfield code="d">CDX</subfield>
    <subfield code="d">OCLCO</subfield>
    <subfield code="d">ABC</subfield>
    <subfield code="d">BWX</subfield>
    <subfield code="d">MUU</subfield>
    <subfield code="d">DLC</subfield>
    <subfield code="d">EG-ScBUE</subfield>
  </datafield>
  <datafield tag="082" ind1="0" ind2="4">
    <subfield code="a">006.754</subfield>
    <subfield code="2">22</subfield>
    <subfield code="b">SEC</subfield>
  </datafield>
  <datafield tag="245" ind1="0" ind2="0">
    <subfield code="a">Security and privacy in social networks /</subfield>
    <subfield code="c">Yaniv Altshuler ... [editors]</subfield>
  </datafield>
  <datafield tag="260" ind1=" " ind2=" ">
    <subfield code="a">New York :</subfield>
    <subfield code="b">Springer,</subfield>
    <subfield code="c">c.2013.</subfield>
  </datafield>
  <datafield tag="300" ind1=" " ind2=" ">
    <subfield code="a">vi, 253 p. :</subfield>
    <subfield code="b">ill. ;</subfield>
    <subfield code="c">25 cm.</subfield>
  </datafield>
  <datafield tag="504" ind1=" " ind2=" ">
    <subfield code="a">Includes bibliographical references and index.</subfield>
  </datafield>
  <datafield tag="505" ind1="0" ind2=" ">
    <subfield code="a">Introduction to security and privacy in social networks / Yuval Elovici and Yaniv Altshuler -- Interdisciplinary impact analysis of privacy in social networks / Michael Netter, Sebastian Herbst, and Gunther Pernul -- Recognizing your digital friends / Patrik Bichsel, Jan Camenisch, and Mario Verdicchio -- Encryption for peer-to-peer social networks / Oleksandr Bodriagov and Sonja Buchegger -- Crowdsourcing and ethics: the employment of crowdsourcing workers for tasks that violate privacy and ethics / Christopher G. Harris and Padmini Srinivasan -- The effect of social status on decision-making and prices in financial networks / Yoel Krasny -- Stealing reality: when criminals become data scientists (or vice versa) / Yaniv Altshuler ... [et al.] -- Applications of k-anonymity and l-diversity in publishing online social networks / Na Li and Sajal K. Das -- Link reconstruction attack: using link prediction algorithms to compromise social networks privacy / Michael Fire ... [et al.] -- An analysis of anonymity in the Bitcoin system / Fergal Reid and Martin Harrigan -- Privacy-preserving data integration using decoupled data / Hye-Chung Kum, Stanley Ahalt, and Darshana Pathak.</subfield>
  </datafield>
  <datafield tag="520" ind1=" " ind2=" ">
    <subfield code="a">"This book: Presents innovative solutions to social network security challenges ; Defines a new field of research in computer and communications security ; Raises emerging security problems in online social network environments."--Publisher's website.</subfield>
  </datafield>
  <datafield tag="650" ind1=" " ind2="7">
    <subfield code="a">Online social networks</subfield>
    <subfield code="x">Security measures.</subfield>
    <subfield code="2">BUEsh</subfield>
  </datafield>
  <datafield tag="650" ind1=" " ind2="7">
    <subfield code="a">Data encryption (Computer science)</subfield>
    <subfield code="2">BUEsh</subfield>
    <subfield code="9">2635</subfield>
  </datafield>
  <datafield tag="650" ind1=" " ind2="7">
    <subfield code="a">Data protection.</subfield>
    <subfield code="2">BUEsh</subfield>
    <subfield code="9">41089</subfield>
  </datafield>
  <datafield tag="650" ind1=" " ind2="0">
    <subfield code="a">Computer crimes</subfield>
    <subfield code="x">Prevention.</subfield>
    <subfield code="2">BUEsh</subfield>
  </datafield>
  <datafield tag="651" ind1=" " ind2=" ">
    <subfield code="2">BUEsh</subfield>
  </datafield>
  <datafield tag="653" ind1=" " ind2=" ">
    <subfield code="b">COMSCI</subfield>
    <subfield code="c">April2018</subfield>
  </datafield>
  <datafield tag="700" ind1="1" ind2=" ">
    <subfield code="a">Altshuler, Yaniv,</subfield>
    <subfield code="e">editor.</subfield>
  </datafield>
  <datafield tag="856" ind1="4" ind2="2">
    <subfield code="3">Publisher description</subfield>
    <subfield code="u">http://www.loc.gov/catdir/enhancements/fy1306/2012943943-d.html</subfield>
  </datafield>
  <datafield tag="856" ind1="4" ind2="1">
    <subfield code="3">Table of contents only</subfield>
    <subfield code="u">http://www.loc.gov/catdir/enhancements/fy1306/2012943943-t.html</subfield>
  </datafield>
  <datafield tag="942" ind1=" " ind2=" ">
    <subfield code="2">ddc</subfield>
  </datafield>
  <datafield tag="999" ind1=" " ind2=" ">
    <subfield code="c">26537</subfield>
    <subfield code="d">26509</subfield>
  </datafield>
  <datafield tag="952" ind1=" " ind2=" ">
    <subfield code="0">0</subfield>
    <subfield code="1">0</subfield>
    <subfield code="2">ddc</subfield>
    <subfield code="4">0</subfield>
    <subfield code="7">0</subfield>
    <subfield code="8">Baccah</subfield>
    <subfield code="a">MAIN</subfield>
    <subfield code="b">MAIN</subfield>
    <subfield code="c">2ND</subfield>
    <subfield code="d">2018-04-18</subfield>
    <subfield code="e">Purchase</subfield>
    <subfield code="g">760.00</subfield>
    <subfield code="h">2000088</subfield>
    <subfield code="l">1</subfield>
    <subfield code="m">6</subfield>
    <subfield code="o">006.754 SEC</subfield>
    <subfield code="p">000047637</subfield>
    <subfield code="r">2025-07-15 00:00:00</subfield>
    <subfield code="s">2024-04-16</subfield>
    <subfield code="v">950.00</subfield>
    <subfield code="y">BB</subfield>
  </datafield>
</record>
